000 00283nam a22001337a 4500
008 170715b xxu||||| |||| 00| 0 eng d
020 _a9780312102333
041 _aeng
080 _a572
100 _a24
101 _aANT
245 _aLAND OF IDOLS
_cPARENTI, M
942 _2udc
_cBK
999 _c21034
_d21034